000 00566nam a2200229Ia 4500
003 OSt
005 20221005121629.0
006 a|||||r|||| 00| 0
007 ta
008 221004b |||||||| |||| 00| 0 eng d
024 _a56955
037 _cTextual
040 _aCRL
_cCRL
_beng
041 _2eng
_aeng
082 _aV2:1:M5, A16.1
100 _aMalleson
_999700
245 0 _aHistory of the Indian mutiny, 1857-1858
260 _c1871
650 _aHISTORY
942 _hV2:1:M5, A16.1
_cTEXL
_2cc
999 _c1041775
_d1041775